[Event "Let's Play Chess!"]
[Site "http://www.queenalice.com/game.php?id=197877"]
[Date "2007.4.17"]
[Round "-"]
[White "collart"]
[Black "countdooku"]
[Result "0-1"]
[WhiteElo "1256"]
[BlackElo "1704"]

1. e4 e6 2. Nf3 Nc6 3. Be2 Nf6 4. a4 Be7 5. e5 Nd5 6. c4 Ndb4 7. O-O O-O 8. Ra3
d6 9. exd6 Qxd6 10. d4 Rd8 11. Bd2 a5 12. d5 exd5 13. Nc3 dxc4 14. g3 Ne5 15.
Bf4 Qxd1 16. Rxd1 Rxd1+ 17. Bxd1 Ng6 18. Nb5 Nxf4 19. gxf4 c6 0-1

[Event "Challenge"]
[Site "http://www.queenalice.com/game.php?id=198489"]
[Date "2007.4.17"]
[Round "-"]
[White "Kris"]
[Black "collart"]
[Result "0-1"]
[WhiteElo "1256"]
[BlackElo "1100"]

1. e4 e6 2. Qh5 g6 3. Qb5 a6 4. Qa4 b5 5. Qb4 Bxb4 6. a4 bxa4 7. Rxa4 Be7 8. c4
f5 9. f3 fxe4 10. f4 e3 11. g3 d5 12. d3 Bd7 13. Bxe3 Bxa4 14. Nh3 d4 15. Nc3
dxc3 16. bxc3 Nc6 17. g4 Na5 0-1

[Event "AUTO-OPEN-628"]
[Site "http://www.queenalice.com/game.php?id=198559"]
[Date "2007.4.17"]
[Round "1"]
[White "pawn_buzzard"]
[Black "collart"]
[Result "1-0"]
[WhiteElo "1789"]
[BlackElo "1283"]

1. Nf3 Nc6 2. g3 e6 3. Bg2 d6 4. O-O e5 5. c3 e4 6. Nd4 Nf6 7. d3 Ne5 8. Bg5 h6
9. Bxf6 gxf6 10. Bxe4 d5 11. Bf5 Rg8 12. f4 Nc6 13. Bxc8 Qxc8 14. Qa4 Rb8 15.
Nxc6 bxc6 16. Qxc6+ Qd7 17. Qxf6 Rxb2 18. Qe5+ Qe7 19. Qxe7+ Bxe7 20. e4 dxe4
21. d4 c5 22. d5 c4 23. Re1 h5 24. Rxe4 h4 25. Na3 h3 26. Re3 Rg2+ 27. Kh1 Kd8
28. Nxc4 f5 29. Rxe7 Kxe7 30. Ne3 Re2 31. Nxf5+ Kf6 32. Nd4 Re3 33. Rc1 Rd8 34.
c4 Rd6 35. Nb5 Ra6 36. d6 Rxa2 37. Nc3 Ra6 38. Nd5+ Ke6 39. Nxe3 Rxd6 40. c5 Rd3
41. f5+ Kf6 42. Ng4+ Kg5 43. Nf2 1-0

[Event "AUTO-OPEN-628"]
[Site "http://www.queenalice.com/game.php?id=198560"]
[Date "2007.4.17"]
[Round "1"]
[White "collart"]
[Black "pawn_buzzard"]
[Result "0-1"]
[WhiteElo "1378"]
[BlackElo "1771"]

1. e3 c5 2. Nf3 d5 3. Bb5+ Bd7 4. a4 a6 5. Bxd7+ Nxd7 6. d4 f6 7. dxc5 Nxc5 8.
b4 Ne4 9. O-O Qd6 10. Ra3 Qxb4 11. Rb3 Qxa4 12. Qd4 Qc6 13. c4 Qxc4 14. Rxb7 Rc8
15. Nfd2 Qxd4 16. exd4 Nxd2 17. Bxd2 e5 18. dxe5 fxe5 19. Rb6 Nf6 20. Re6+ Kd7
21. Rxe5 Bd6 22. Rfe1 Bxe5 23. Rxe5 Rhe8 24. Re3 Ne4 25. Be1 Rc1 26. Na3 d4 27.
Rd3 Rxe1# 0-1

[Event "AUTO-OPEN-628"]
[Site "http://www.queenalice.com/game.php?id=198583"]
[Date "2007.4.17"]
[Round "1"]
[White "MrRonMosley"]
[Black "collart"]
[Result "1-0"]
[WhiteElo "1543"]
[BlackElo "1512"]

1. Nc3 e6 2. d3 Nc6 3. g3 Ne5 4. Na4 d6 5. b3 d5 6. d4 Ng4 7. Bh3 f5 8. Nf3 N4f6
9. O-O b5 10. Nc5 Ne4 11. Bg5 Be7 12. Bxe7 Nxe7 13. e3 Nc3 14. Qd3 b4 15. a3 Rb8
16. a4 Rf8 17. Na6 Rb6 18. Nc5 Rf6 19. Ng5 Rh6 20. Rae1 Rh5 21. a5 Rb8 22. Ngxe6
Qd6 23. Nxg7+ Kf8 24. Nxh5 Rb5 25. a6 Ng6 26. Bxf5 Ne7 27. Bxc8 Nxc8 28. Qxh7
Ne4 29. Nd7+ Ke8 30. Ndf6+ Nxf6 31. Nxf6+ Qxf6 32. Qxc7 Qd8 33. Qe5+ Qe7 34.
Qh8+ Kd7 35. f4 Nd6 36. h4 Nf7 37. Qa8 Nh6 38. Qxa7+ Ke8 39. Qa8+ Qd8 40. Qc6+
Qd7 41. Qxh6 Rb8 42. Qh8+ Ke7 43. Qxb8 Qd8 44. Qxb4+ Qd6 45. Qxd6+ Kxd6 46. a7
Kc7 47. a8=Q Kb6 48. f5 Kb5 49. c3 Kb6 50. f6 Kc7 51. Ra1 Kd6 52. Ra6+ Kd7 53.
f7 Ke7 54. f8=Q+ Kd7 55. Qf7# 1-0

[Event "AUTO-OPEN-628"]
[Site "http://www.queenalice.com/game.php?id=198597"]
[Date "2007.4.17"]
[Round "1"]
[White "CLODOALDOVEIGA"]
[Black "collart"]
[Result "1-0"]
[WhiteElo "2167"]
[BlackElo "1283"]

1. c4 e6 2. d4 Bb4+ 3. Nd2 Nf6 4. Nf3 Ne4 5. a3 Nxf2 6. Kxf2 Bf8 7. e4 d5 8. Qb3
dxe4 9. Nxe4 f5 10. Bg5 Be7 11. Bxe7 Qxe7 12. Neg5 h6 13. Nxe6 Qxe6 14. Re1 Nc6
15. Rxe6+ Bxe6 16. Qxb7 Kd7 17. d5 Rab8 18. Qxc6+ Kc8 19. Qxe6+ Kb7 20. c5 Rhe8
21. Ba6+ 1-0

[Event "AUTO-OPEN-628"]
[Site "http://www.queenalice.com/game.php?id=198598"]
[Date "2007.4.17"]
[Round "1"]
[White "collart"]
[Black "CLODOALDOVEIGA"]
[Result "0-1"]
[WhiteElo "1283"]
[BlackElo "2167"]

1. e3 Nf6 2. Nf3 d5 3. Bb5+ c6 4. Bd3 Qc7 5. a4 e5 6. Ra3 Bxa3 7. bxa3 e4 8. Nd4
exd3 9. cxd3 c5 10. Nb5 Qc6 11. N1c3 a6 12. e4 axb5 13. axb5 Qd6 14. O-O dxe4
15. dxe4 O-O 16. Re1 Ng4 17. f3 Qxh2+ 18. Kf1 Qh1+ 19. Ke2 Qxg2+ 20. Kd3 Nf2+
21. Kc2 Nxd1 22. Kxd1 Qxf3+ 23. Re2 Qd3 24. Re3 Bg4+ 25. Ne2 Qxb5 26. d3 Nc6 27.
Rg3 Nd4 0-1

[Event "Let's Play Chess!"]
[Site "http://www.queenalice.com/game.php?id=198818"]
[Date "2007.4.18"]
[Round "-"]
[White "collart"]
[Black "Matman"]
[Result "1-0"]
[WhiteElo "1376"]
[BlackElo "1521"]

1. e3 d5 2. Nf3 Nc6 3. d4 Bf5 4. Bd3 Bxd3 5. cxd3 e6 6. O-O Bd6 7. Nc3 Nf6 8. e4
dxe4 9. dxe4 Nxd4 10. Qxd4 c5 11. Qd1 O-O 12. e5 Nd5 13. exd6 Qxd6 14. g3 Rad8
15. Bf4 Qb6 16. Na4 1-0

[Event "Challenge"]
[Site "http://www.queenalice.com/game.php?id=201725"]
[Date "2007.4.24"]
[Round "-"]
[White "collart"]
[Black "Hapless"]
[Result "0-1"]
[WhiteElo "1327"]
[BlackElo "1285"]

1. e3 e6 2. d4 d5 3. Nc3 Bb4 4. a3 Bxc3+ 5. bxc3 Nf6 6. c4 O-O 7. cxd5 exd5 8.
a4 a5 9. Bd3 Bg4 10. f3 Bh5 11. g4 Bg6 12. Ba3 Re8 0-1

[Event "AUTO-OPEN-636"]
[Site "http://www.queenalice.com/game.php?id=201764"]
[Date "2007.4.24"]
[Round "1"]
[White "collart"]
[Black "R_Mutt"]
[Result "0-1"]
[WhiteElo "1256"]
[BlackElo "2092"]

1. e3 e5 2. d4 exd4 3. exd4 d5 4. Nc3 c6 5. Nf3 Nf6 6. Bd3 Bd6 7. O-O O-O 8. Ne2
Re8 9. Bg5 h6 10. Bxf6 Qxf6 0-1

[Event "AUTO-OPEN-636"]
[Site "http://www.queenalice.com/game.php?id=201792"]
[Date "2007.4.24"]
[Round "1"]
[White "collart"]
[Black "Ninha_alone"]
[Result "0-1"]
[WhiteElo "1220"]
[BlackElo "1271"]

1. e4 Nf6 2. d3 d6 3. Nf3 e5 4. Bg5 h6 5. Bxf6 gxf6 6. d4 Nc6 7. Nfd2 Nxd4 8. c3
Nc6 9. b4 a5 10. b5 Ne7 0-1